Football General Knowledge #1 - Statistics

General Stats
  • This quiz has been taken 206 times
  • The average score is 9 of 15
Answer Stats
Question Answer % Correct
Which team has won the most Champions League titles in history? Real Madrid
99%
What is the name of Bayern Munich's stadium? Allianz Arena
87%
"You'll never walk alone" is the anthem of which soccer club? Liverpool
84%
Which national team did George Best play for? Northern Ireland
79%
The top scorer in the history of the World Cup scored 16 goals, who is he? Miroslav Klose
75%
Which city hosted the 2018 World Cup final? Moscow
72%
What is Leicester City's nickname? The Foxes
72%
Which Soviet goalkeeper was known as "Black Spider"? Lev Yashin
71%
Which team did Erling Haaland play for before his transfer to Borussia Dortmund? RB Salzburg
64%
Who is the oldest player to score a hat trick in a World Cup? Cristiano Ronaldo
59%
And who was the youngest? Pelé
52%
Which magazine awards the Ballon d'Or? France Football Magazine
38%
In which country did Germany win its first World Cup? Switzerland
25%
There were two trophies for the World Cup, what was the name of the first one? Jules Rimet Trophy
18%
Which team has the most "Copa Libertadores"? Independiente
10%
No matching quizzes found
Score Distribution
Percent of People with Each Score
Percentile by Number Answered
Your Score History
You have not taken this quiz